01139nam a22002057a 4500003000800000008004100008037002000049040003500069041000800104080001100112100002800123245018200151260023000333300002300563502017900586650005500765650005700820655002300877700003300900BI-BuBU260319b2025 fr fr|||| 000 0 fre d bDon de l'auteur aBI-BuBUbfrecBI-BuBUdBI-BuBU0 afre a633.151 4aut.aNimubona, Richard10aEvaluation des facteurs associés à la contamination du maïs par les aflatoxines bcas des provinces Bururi et CibitokecRichard Nimubona ; Jérémie Ngezahayo; directeur aBujumburabUniversité du Burundi, Centre d'Excellence Sous-Régional en Sciences des Aliments et Nutrition(PA-EANSI), département : Sciences des Aliments et Nutrition, Option : Technologie et qualité des Alimentsc2025 aXIII-87 f.c30 cm. aMémoire présenté et défendu en vue de l'obtention du diplôme de Master en Sciences des aliments et nutrition. Spécialité : Technologie et qualité des aliments 72BI-BuBUaMaïsxContaminationxAflatoxinezBururi 72BI-BuBUaMaïsxContaminationxAflatoxinezCibitoke 72BI-BuBUaMémoire1 4dir.aNgezahayo, Jérémie